Воздушный справочник. Т.3: Воздушные, сухопутные и морские силы иностранных государств (Запись № 13478926)
[ простой вид ]
| 000 -МАРКЕР | |
|---|---|
| контрольное поле | 01539nam2a22002531 4500 |
| 001 - ИДЕНТИФИКАТОР ЗАПИСИ | |
| контрольное поле | RU\NLR\A1SV\25322 |
| 005 - ИДЕНТИФИКАТОР ВЕРСИИ | |
| контрольное поле | 20251203152403.2 |
| 035 ## - ДРУГИЕ СИСТЕМНЫЕ НОМЕРА | |
| Идентификатор записи | (NLR Aleph) 009709663 |
| 100 ## - ДАННЫЕ ОБЩЕЙ ОБРАБОТКИ | |
| Данные общей обработки | 19800421d1926 u y0rusy50 ca |
| 101 0# - ЯЗЫК РЕСУРСА | |
| Язык текста, звукозаписи и т.д. | русский |
| 200 1# - ЗАГЛАВИЕ И СВЕДЕНИЯ ОБ ОТВЕТСТВЕННОСТИ | |
| Основное заглавие | Воздушные, сухопутные и морские силы иностранных государств |
| Первые сведения об ответственности | Е.Татарченко |
| 210 ## - ПУБЛИКАЦИЯ, РАСПРОСТРАНЕНИЕ И ДР. | |
| Дата издания, распространения и т.д. | 1926 |
| 215 ## - ФИЗИЧЕСКАЯ ХАРАКТЕРИСТИКА | |
| Специфическое обозначение материала и объем | 438 с., 4 л. ил. |
| 300 ## - ОБЩИЕ ПРИМЕЧАНИЯ | |
| Текст примечания | Прил.: Тенденции современной международной воздушной техники и ее ближайшие перспективы. Данные о новейших и состоящих на вооружении самолетах и гидросамолетах. Различные справочные сведения по международной авиации |
| 320 ## - ПРИМЕЧАНИЯ О НАЛИЧИИ В ДОКУМЕНТЕ БИБЛИОГРАФИИ / УКАЗАТЕЛЯ | |
| Текст примечания | Библиогр. / Е.Татарченко (С.410-414) и в предисл. |
| 461 #1 - УРОВЕНЬ НАБОРА | |
| Встроенное поле | 001RU\NLR\A1SV\25319 |
| -- | 2000#$aВоздушный справочник$eСб. ст. по вопросам авиации и воздухоплавания$vТ.3 |
| Системный номер (АБИС) связанной записи | 9827070 |
| Место публикации | М. |
| Дата публикации | 1925-1927 |
| Имя издателя, распространителя и т.д. | Авиоизд-во |
| Сведения, относящиеся к заглавию | Сб. ст. по вопросам авиации и воздухоплавания |
| Заглавие | Воздушный справочник |
| Номер тома | Т.3 |
| 701 #1 - ИМЯ ЛИЦА - АЛЬТЕРНАТИВНАЯ ОТВЕТСТВЕННОСТЬ | |
| Начальный элемент ввода | Татарченко |
| Часть имени, кроме начального элемента ввода | Е.И. |
| Расширение инициалов личного имени | Евгений Иванович |
| Код отношения | Автор |
| 801 #0 - ИСТОЧНИК ЗАПИСИ | |
| Страна | Российская Федерация |
| Организация | NLR |
| Дата составления | 19800421 |
| 852 ## - МЕСТОНАХОЖДЕНИЕ И ШИФР ХРАНЕНИЯ | |
| Идентификатор организации | NLR |
| Шифр хранения (Call Number) | 19/275-3 |
| 942 ## - ДОПОЛНИТЕЛЬНЫЕ ЭЛЕМЕНТЫ ЗАПИСИ (АБИС) | |
| Тип экземпляра АБИС | Книга |
| 980 ## - КОЛЛЕКЦИЯ | |
| Название коллекции | Международный сводный каталог русской книги (1918-1926) |
| 980 ## - КОЛЛЕКЦИЯ | |
| Название коллекции | Национальная библиография |
Нет доступных экземпляров.